| 000 | 01894cas a2200529 a 4500 | ||
|---|---|---|---|
| 001 | 11145615 | ||
| 003 | OSt | ||
| 005 | 20150616105318.0 | ||
| 007 | t| | ||
| 008 | 750824c19489999sz qr p 0 a0eng c | ||
| 010 | _a 51032992 | ||
| 015 |
_a010066918 _2dnb |
||
| 016 | 7 |
_a010066918 _2DE-101 |
|
| 016 | 7 |
_a4471-4 _2DE-600 |
|
| 016 | 7 |
_a100972703 _2DNLM |
|
| 016 | 7 |
_a007846665 _2Uk |
|
| 022 |
_a0013-0796 _2z |
||
| 035 | _a(OCoLC)ocm01567448 | ||
| 037 | _bPublications Office, World Council of Churches, 150 route de Ferney, 1211 Geneva 20, Switzerland. | ||
| 040 |
_aMnMULS _beng _cMnMULS _dMBTI _dNSDP _dN _dInU _dAIP _dNSDP _dDLC _dNST _dDLC _dMH _dPBL _dDNLM _dOCoLC _dATLA _dNLGGC _dATLA _dCU-S _dOCoLC _dHEBIS _dDE-MnBSB _dGBVCP _dGWDNB _dUKMGB _dOCoLC |
||
| 042 |
_ansdp _apcc |
||
| 050 | 0 | 0 |
_aBX1 _b.E3 |
| 082 | 0 | 4 | _a280 |
| 210 | 0 | _aEcum. rev. | |
| 222 | 4 | _aThe Ecumenical review | |
| 245 | 0 | 4 | _aThe Ecumenical review. |
| 260 |
_a[Geneva] : _bWorld Council of Churches |
||
| 300 |
_avolumes ; _c25 cm |
||
| 310 | _aQuarterly | ||
| 362 | 1 | _aBegan with: Vol. 1, no. 1 (autumn 1948). | |
| 550 | _aThe quarterly of the World Council of Churches. | ||
| 650 | 0 |
_aEcumenical movement _vPeriodicals. |
|
| 650 | 1 | 7 |
_aOecumene. _2gtt |
| 650 | 0 | 7 |
_aÖkumenische Bewegung. _2swd |
| 650 | 0 | 7 |
_aZeitschrift. _2swd |
| 710 | 2 | _aWorld Council of Churches. | |
| 776 | 0 | 8 |
_iMicrofilm version: _tEcumenical review _w(OCoLC)3554967 |
| 776 | 0 | 8 |
_iOnline version: _tEcumenical review (Online) _w(DLC) 2004221964 _w(OCoLC)38949941 |
| 780 | 0 | 5 |
_tChristendom _gwinter 1949 _x0190-4043 _w(DLC) 38003178 _w(OCoLC)1554424 |
| 906 |
_a7 _bcbc _cserials _du _encip _f19 _gn-oclcserc |
||
| 942 |
_2lcc _cPER |
||
| 999 |
_c44732 _d44732 |
||